Normal view
MARC view
- COLLEGE OUTLINES SERIES
Entry Topical Term
001 - CONTROL NUMBER
- control field: 57718
003 - CONTROL NUMBER IDENTIFIER
- control field: NUST
005 - DATE AND TIME OF LATEST TRANSACTION
- control field: 20210628202002.0
008 - FIXED-LENGTH DATA ELEMENTS
- fixed length control field: 210628|| aca||aabn | a|a d
040 ## - CATALOGING SOURCE
- Original cataloging agency: NUST
- Transcribing agency: NUST
150 ## - HEADING--TOPICAL TERM
- Topical term or geographic name entry element: COLLEGE OUTLINES SERIES
670 ## - SOURCE DATA FOUND
- Source citation: Work cat.: (NUST): DEE, HAROLD M,MOTT, GEORGE FOX 57717, MIDDLE AGES AN OUTLINES HISTORY FROM THE DECLINE OF THE ROMAN EMPIRE THROUGH THE REFORMATION, 1957
